Star Wars Planet or Canadian National Park? Quiz Stats

 Plays Quiz Updated May 4, 2018

Challenge
Share
Tweet
Embed
Score 0/20 Timer 03:00
0 Plays Today
Place (S)tar Wars or (N)ational Park % Correct
Dagobah???
90.9%
Jakku???
90.8%
Coruscant???
84.8%
Kejimkujik???
81.5%
Auyuittuq???
81.3%
Ivvavik???
78%
Kashyyyk???
76.8%
Nááts'ihch'oh???
75.7%
Yoho???
74.6%
Nahanni???
72.5%
Place (S)tar Wars or (N)ational Park % Correct
Vuntut???
71.5%
Ahch-To???
70.8%
Polis Massa???
67.2%
Sirmilik???
67%
Cato Neimoidia???
64.2%
Mygeeto???
61.4%
Gwaii Haanas???
61%
Forillon???
58.6%
Takodana???
54.4%
Lah'mu???
43.6%

You're not logged in!

Compare scores with friends on all Sporcle quizzes.
OR
Log In

You Might Also Like...

Show Comments

Extras

Top Quizzes Today


Score Distribution

Your Account Isn't Verified!

In order to create a playlist on Sporcle, you need to verify the email address you used during registration. Go to your Sporcle Settings to finish the process.

Report this User

Report this user for behavior that violates our Community Guidelines.

Details: